Armas nucleares y política internacional
में बचाया:
| मुख्य लेखक: | |
|---|---|
| स्वरूप: | पुस्तक |
| भाषा: | स्पेनिश |
| प्रकाशित: |
Madrid
Rialp
1962
|
| श्रृंखला: | Libros de Bolsillo Rialp, 15
|
| विषय: | |
| टैग: |
टैग जोड़ें
कोई टैग नहीं, इस रिकॉर्ड को टैग करने वाले पहले व्यक्ति बनें!
|
MARC
| LEADER | 00000nam a2200000 a 4500 | ||
|---|---|---|---|
| 001 | UCT7808 | ||
| 003 | CL-VaPUC | ||
| 008 | 970317e19620000SP |||||||||||||||||spa|d | ||
| 082 | 0 | 4 | |a 327.174 |b KIS |2 21 |
| 100 | |a Kissinger, Henry Alfred |e author |9 584912 | ||
| 245 | 1 | 0 | |a Armas nucleares y política internacional |
| 300 | |a 348 p | ||
| 942 | |c BK | ||
| 945 | |d 19970317 00:00:00 |a paguirre | ||
| 260 | |a Madrid |b Rialp |c 1962 | ||
| 650 | 0 | |a Relaciones Internacionales |9 255740 | |
| 650 | 0 | |a Política internacional |9 255813 | |
| 650 | 0 | |a Armas nucleares |9 334563 | |
| 650 | 0 | |a Desarme |9 255227 | |
| 650 | 0 | |a Guerra nuclear |9 318894 | |
| 650 | 0 | |a Paz |9 259242 | |
| 583 | |a last modification |c 19970317 00:00:00 |k Rodrigo Vera | ||
| 490 | 0 | |a Libros de Bolsillo Rialp, 15 | |
| 999 | |c 256355 |d 256353 | ||
| 952 | |0 0 |1 0 |4 0 |6 327_174000000000000_KIS_1962 |7 0 |8 A |9 279047 |a BIBDER |b BIBDER |d 2019-11-19 |i 1808001 |o 327.174 KIS 1962 |p 1808001 |r 2023-01-25 |w 2019-11-19 |y BK |k DER | ||